| 000 | 00430nam a22001697a 4500 | ||
|---|---|---|---|
| 003 | OSt | ||
| 005 | 20210827104128.0 | ||
| 008 | 210827b |||||||| |||| 00| 0 eng d | ||
| 020 | _a1-58488-247-6 | ||
| 040 | _cHU | ||
| 082 | _a519.535/RAV | ||
| 100 |
_aNalini Ravishanker and Dipak K. Dey _9534 |
||
| 245 | _aA FIRST COURSE IN LINEAR MODEL THEORY | ||
| 260 |
_aLonden _bChapman &Hall/ CRC |
||
| 300 | _a473 | ||
| 942 |
_2ddc _cBOOKS _n0 |
||
| 999 |
_c656 _d656 |
||